000 00751nam a22002177a 4500
005 20240305145654.0
008 240305b ||||| |||| 00| 0 eng d
040 _aSSBUL
_cSSBUL
082 _223
_a320.9591
_bSo
100 1 _aSouth, Ashley
_96713
245 1 0 _aCivil society in Burma :
_bthe development of democracy amidst conflict /
_cAshley South.
260 _aNew York :
_bThe east-west center,
_c2008.
300 _a78 pages ;
_c23 cm.
440 _aPolicy studies(East-West Center Washington)
_937553
500 _aS-SAT: Prof. Sai Aung Tun
650 _aCivil society
_zMyanmar
_937554
650 _aEthnic comflict
_zMyanmar
_937555
650 _aDemocracy
_zMyamar
_937556
651 _aMyanmar
_xEthnic relations
_934594
942 _2ddc
_cBK1
999 _c32342
_d32342